| 000 | 00324nam a22001337a 4500 | ||
|---|---|---|---|
| 082 |
_a823 _bROH/L |
||
| 245 |
_aLITTLE RED RIDING HOOD _bSHORT STORY |
||
| 246 |
_aLITTLE RED RIDING HOOD _bSHORT STORY |
||
| 250 | _a2003 | ||
| 260 |
_aDELHI _bCLASSICS BOOKS _c2003 |
||
| 300 | _a213 | ||
| 520 | _aCHILDRENS SHORT STORY | ||
| 942 | _cBK | ||
| 999 |
_c370 _d370 |
||